195 Countries Recognized by the UN-No Map - Statistics

General Stats
  • This quiz has been taken 387 times
  • The average score is 127 of 195
Answer Stats
Answer % Correct
Canada
92%
The United States
90%
Mexico
87%
Argentina
84%
Brazil
84%
Panama
82%
Russia
82%
Chile
81%
China
81%
Colombia
81%
Cuba
81%
Guatemala
81%
France
79%
Honduras
79%
Costa Rica
77%
Haiti
77%
Israel
77%
Jamaica
77%
Belize
76%
Dominican Republic
76%
Australia
75%
Germany
75%
Iran
75%
Japan
75%
Morocco
75%
Oman
75%
Paraguay
75%
United Arab Emirates
75%
Uruguay
75%
Bolivia
74%
Dominica
74%
India
74%
Indonesia
74%
Iraq
74%
Portugal
74%
Yemen
74%
Egypt
73%
El Salvador
73%
Guyana
73%
Italy
73%
New Zealand
73%
Nicaragua
73%
North Korea
73%
Peru
73%
Saudi Arabia
73%
South Korea
73%
Spain
73%
Venezuela
73%
Belgium
72%
Finland
72%
Suriname
72%
Algeria
71%
Democratic Republic of the Congo
71%
Niger
71%
South Africa
71%
Sweden
71%
Afghanistan
70%
Ireland
70%
Jordan
69%
Pakistan
69%
The Bahamas
69%
The Netherlands
69%
The United Kingdom
69%
Austria
68%
Belarus
68%
Denmark
68%
Guinea
68%
Iceland
68%
Laos
68%
Lebanon
68%
Nigeria
68%
Norway
68%
Qatar
68%
Saint Lucia
68%
Sudan
68%
Andorra
67%
Ecuador
67%
Estonia
67%
Georgia
67%
Kazakhstan
67%
Latvia
67%
Luxembourg
67%
Malaysia
67%
Tajikistan
67%
Turkmenistan
67%
Barbados
66%
Bhutan
66%
Cambodia
66%
Hungary
66%
Libya
66%
Lithuania
66%
Mongolia
66%
Poland
66%
South Sudan
66%
Syria
66%
Thailand
66%
Trinidad and Tobago
66%
Uzbekistan
66%
Zimbabwe
66%
Republic of the Congo
65%
Central African Republic
64%
Chad
64%
Kuwait
64%
Kyrgyzstan
64%
Myanmar
64%
Nepal
64%
Saint Kitts and Nevis
64%
Slovenia
64%
Somalia
64%
Vatican City
64%
Vietnam
64%
Bahrain
63%
Bosnia and Herzegovina
63%
Croatia
63%
Czech Republic
63%
Greece
63%
San Marino
63%
Serbia
63%
Switzerland
63%
Togo
63%
Zambia
63%
Angola
62%
Armenia
62%
Botswana
62%
Cyprus
62%
Lesotho
62%
Liechtenstein
62%
Mali
62%
Romania
62%
Singapore
62%
Slovakia
62%
Ukraine
62%
The Gambia
61%
Albania
60%
Bangladesh
60%
Brunei
60%
Ethiopia
60%
Ghana
60%
Kenya
60%
Madagascar
60%
Monaco
60%
Papua New Guinea
60%
The Philippines
60%
Azerbaijan
59%
Benin
59%
Sri Lanka
59%
Antigua and Barbuda
58%
Bulgaria
58%
East Timor
58%
Equatorial Guinea
58%
Eswatini
58%
Fiji
58%
Ivory Coast
58%
Marshall Islands
58%
Namibia
58%
Saint Vincent and the Grenadines
58%
Senegal
58%
Liberia
57%
Moldova
57%
Rwanda
57%
Tanzania
57%
Djibouti
56%
Eritrea
56%
Grenada
56%
Mauritania
56%
Montenegro
56%
Cameroon
55%
Malta
55%
Mozambique
55%
Palestine
55%
Seychelles
55%
Solomon Islands
55%
Uganda
55%
Burundi
54%
Cape Verde
54%
North Macedonia
54%
Burkina Faso
53%
Gabon
53%
Guinea-Bissau
53%
Maldives
53%
Sierra Leone
53%
Tonga
53%
Tunisia
53%
Mauritius
52%
Palau
52%
Tuvalu
52%
Vanuatu
52%
Nauru
51%
Samoa
51%
Kiribati
49%
Comoros
48%
Malawi
47%
São Tomé and Príncipe
46%
Türkiye
45%
The Federated States of Micronesia
32%
No matching quizzes found
Score Distribution
Percent of People with Each Score
Percentile by Number Answered
Your Score History
You have not taken this quiz